Pád Interchange Fee zdraží platební karty
Súčasťou novej Payment Services Directive (PSD2), ktorú bude schvaľovať nový europarlament je aj regulácia Interchange Fee (IF). Podpora platieb kartami v obchodoch a zvyšovanie konkurencie na trhu platobných kariet.
Salvato in:
| Autore principale: | |
|---|---|
| Natura: | Capitolo di libro |
| Lingua: | ceco |
| Soggetti: | |
| Tags: |
Nessun Tag, puoi essere il primo ad aggiungerne!!
|
MARC
| LEADER | 00000naa a2200000 4500 | ||
|---|---|---|---|
| 001 | 0185404 | ||
| 005 | 20231211083126.2 | ||
| 041 | 0 | |a cze | |
| 044 | |a CZ | ||
| 245 | 1 | 0 | |a Pád Interchange Fee zdraží platební karty |c Pavel Juřík |
| 520 | |a Súčasťou novej Payment Services Directive (PSD2), ktorú bude schvaľovať nový europarlament je aj regulácia Interchange Fee (IF). Podpora platieb kartami v obchodoch a zvyšovanie konkurencie na trhu platobných kariet. | ||
| 610 | 2 | 0 | |a banky |
| 610 | 2 | 0 | |a bankovníctvo |
| 610 | 2 | 0 | |a služby bankové |
| 610 | 2 | 0 | |a bankovníctvo elektronické |
| 610 | 2 | 0 | |a platby bezhotovostné |
| 610 | 2 | 0 | |a karty platobné |
| 100 | 1 | |a Juřík, Pavel | |